Menjadi Kaya Dengan Kedamaian Fikiran

Bibliographic Details
Main Author: Hill Napoleon
Format: Book
Published: Selangor : Albaz Publishing & Distribution Sdn Bhd , 2000

MARC

LEADER 00000cam a2200000 7i4500
001 0000056566
005 20151210.0
008 151210
020 |a 9839315390 
090 0 0 |a 153.8   |b HIL 
100 1 |a Hill Napoleon 
245 1 0 |a Menjadi Kaya Dengan Kedamaian Fikiran   |c Hill Napoleon 
260 |a Selangor :   |b Albaz Publishing & Distribution Sdn Bhd ,   |c 2000 
999 |a 0000811966   |b Book   |c Adult Collection   |e Cawangan Pontian 
999 |a 0000811968   |b Book   |c Adult Collection   |e Cawangan Mersing 
999 |a 0000811970   |b Book   |c Adult Collection   |e Cawangan Bandar Penawar 
999 |a 0000874505   |b Book   |c Adult Collection   |e Cawangan Segamat